00000000nam 2200000zi 4500
0019.921480
003CaOODSP
00520230425155311
006m     o  d f      
007cr |n|||||||||
008230403e202304##qucabd  ob   f000 0 fre d
020 |a9780660482781
040 |aCaOODSP|bfre|erda|cCaOODSP
043 |an-cn---
0861 |aFs70-6/2023-015F-PDF
24500|aÉvaluation du contingent du nord du maquereau bleu (Scomber scombrus) en 2022.
264 1|aMont-Joli (QC) : |bSecrétariat canadien de consultation scientifique, |cavril 2023.
264 4|c©2023
300 |a1 ressource en ligne (16 pages) : |billustration, carte, graphiques.
336 |atexte|btxt|2rdacontent/fre
337 |ainformatique|bc|2rdamedia/fre
338 |aressource en ligne|bcr|2rdacarrier/fre
4901 |aAvis scientifique, |x1919-5117 ; |v2023/015
500 |aPublié aussi en anglais sous le titre : Assessment of the northern contingent of Atlantic mackerel (Scomber scombrus) in 2022.
504 |aComprend des références bibliographiques (pages 12-13).
650 6|aMaquereau commun|xPêche commerciale|zAtlantique Nord.
650 6|aRessources halieutiques|xÉvaluation|zAtlantique Nord.
7102 |aSecrétariat canadien de consultation scientifique, |eorganisme de publication.
7101 |aCanada. |bMinistère des pêches et des océans. |bRégion du Québec, |eorganisme de publication.
77508|tAssessment of the northern contingent of Atlantic mackerel (Scomber scombrus) in 2022.|w(CaOODSP)9.921477
830#0|aAvis scientifique (Secrétariat canadien de consultation scientifique)|v2023/015.|w(CaOODSP)9.502624
85640|qPDF|s1.29 Mo|uhttps://publications.gc.ca/collections/collection_2023/mpo-dfo/fs70-6/Fs70-6-2023-015-fra.pdf